| 000 | 00733cab a2200253 4500 | ||
|---|---|---|---|
| 001 | WB2931-22 | ||
| 008 | 090401t1993 xxu||||| |||| 00| 0 eng d | ||
| 035 | _a(Sirsi) u5629 | ||
| 041 | _aeng | ||
| 245 | _aScotland: invasion of food chains | ||
| 260 | _c1993 | ||
| 350 | _a0 | ||
| 490 |
_aFinancial Times _v17 August 1993, 8(1) |
||
| 520 | _aLooks at the trend of UK retailers opening superstores in Scotland and the growth of discounters moving into the Scottish market. | ||
| 650 | _aDISCOUNTERS | ||
| 650 | _aKWIK SAVE | ||
| 650 | _aRETAILERS | ||
| 650 | _aSAINSBURYS | ||
| 650 | _aSCOTLAND | ||
| 650 | _aSUPERSTORES | ||
| 690 | _aPROPERTY-COMMERCIAL PROPERTY-RETAIL PROPERTY | ||
| 942 | _n0 | ||
| 948 | _c04/03/1997 | ||
| 999 |
_c3359 _d3359 |
||